000 00769nam a2200253Ia 4500
003 OSt
005 20220925215303.0
006 a|||||r|||| 00| 0
007 ta
008 220923b |||||||| |||| 00| 0 eng d
020 _a043584515 2
037 _cGeneral Book
040 _aRTL
_cRTL
_beng
041 _2eng
_aeng
082 _aX:77.5.N7, M2
100 _aMatthews R. C. O. Ed.
_9282497
245 0 _aSlower growth in the western world
260 _aLondon
_bHeinemann U. K.
_c1982
300 _a176p.
_ccm.
490 _aRoyal Institute of International Affairs, Joint Studies in Public Policy, 6.
650 _aEconomic Development
_917300
942 _hX:77.5.N7, M2
_cGB
_2CC
999 _c568379
_d568379